000 00890nam a22002057a 4500
999 _c8682
_d8682
003 AR-CdUCM
008 190325b ||||| |||| 00| 0 spa d
040 _aMUNICIPALIDAD PROVINCIAL DEL CUSCO
_cBIBLIOTECA MUNICIPAL DEL CUSCO
082 _a869.009 /
_bP29
100 _aPastor, Beatriz
_924264
245 _aDiscurso narrativo de la conquista de América : ensayo /
260 _aCuba :
_bCasa de las Américas,
_c 1983.
300 _a570 paginas. ;
_c19 cm.
505 _aContenido : El discurso mitificador -- La imagen del mundo desconocido -- La ficcionalización de la conquista y la creación del modelo conquistador -- El contexto de una rebelión -- Desmitificación y cuestionamiento...
650 _aLiteratura hispanoamericana
_9786
650 _aHistoria y crítica
_95993
650 _aLiteratura e historia de. América
_924265
942 _2ddc
_cLIBROS
945 _awnts